[Event "Berlin-ch Seniors op 37th"]
[Site "Berlin"]
[Date "2021.06.16"]
[Round "9"]
[White "Gaertner, Michael"]
[Black "Geiss, Anne"]
[Result "1/2-1/2"]
[WhiteElo "1686"]
[BlackElo "1424"]
[PlyCount "108"]
[EventDate "2021.06.08"]
[EventType "swiss"]
[EventRounds "9"]
[EventCountry "GER"]
[SourceTitle "EXT 2022"]
[Source "ChessBase"]
[SourceDate "2021.10.06"]
[SourceVersion "1"]
[SourceVersionDate "2021.10.06"]
[SourceQuality "1"]

1. e4 e5 2. Nf3 Nf6 3. Nc3 Nc6 4. Bb5 Bc5 5. Na4 Nxe4 6. Nxc5 Nxc5 7. Bxc6 dxc6 8. Nxe5 Qe7 9. Qe2 Nd7 10. Nxd7 Qxe2+ 11. Kxe2 Bxd7 12. Re1 Rd8 13. d3 c5 14. Kf1+ Be6 15. b3 Kd7 16. Bf4 Rhe8 17. Re5 b6 18. Rae1 c6 19. h3 f6 20. R5e3 Bf7 21. g4 g5 22. Bg3 Rxe3 23. Rxe3 Re8 24. Ke2 Rxe3+ 25. Kxe3 Ke6 26. f4 f5 27. fxg5 fxg4 28. h4 Kf5 29. Kf2 b5 30. Bb8 a6 31. Bd6 c4 32. Ke3 cxd3 33. Kxd3 Bd5 34. Kd4 Ke6 35. Kc5 a5 36. Bg3 Kd7 37. a3 Bf7 38. Be1 Bg6 39. c4 Bc2 40. cxb5 cxb5 41. Bxa5 Bxb3 42. Kxb5 Kc8 43. Be1 Kb7 44. a4 Bf7 45. a5 Be8+ 46. Kc5 Bf7 47. Kd6 Be8 48. Ke7 Bg6 49. Kf6 Ka6 50. Kg7 Kb5 51. Kh6 Ka6 52. h5 Bf5 53. g6 hxg6 54. hxg6 Bxg6 1/2-1/2

[Event "Berlin Lichtenberger op 18th"]
[Site "Berlin"]
[Date "2019.08.24"]
[Round "8"]
[White "Geiss, Anne"]
[Black "Caglar, Erdal"]
[Result "0-1"]
[WhiteElo "1393"]
[BlackElo "1514"]
[PlyCount "102"]
[EventDate "2019.08.17"]
[EventType "swiss"]
[EventRounds "9"]
[EventCountry "GER"]
[SourceTitle "EXT 2020"]
[Source "ChessBase"]
[SourceDate "2019.10.17"]
[SourceVersion "1"]
[SourceVersionDate "2019.10.17"]
[SourceQuality "1"]

1. e4 e5 2. Nf3 d6 3. d4 exd4 4. Nxd4 Nf6 5. Nc3 Be7 6. h3 0-0 7. Be2 c5 8. Nf5 Nxe4 9. Nxe4 Bxf5 10. Ng3 Bg6 11. 0-0 Nc6 12. c3 Re8 13. Bh5 Ne5 14. Qd5 Bxh5 15. Nxh5 b6 16. Be3 Qc7 17. Rad1 Rad8 18. f4 Nd7 19. Qf3 Nf6 20. Ng3 Bf8 21. f5 h6 22. Bf4 Qc8 23. c4 a6 24. a4 Rd7 25. Rd2 Qa8 26. Qd1 d5 27. cxd5 Rxd5 28. Qf3 Rxd2 29. Qxa8 Rxa8 30. Bxd2 b5 31. b4 c4 32. Ra1 Rd8 33. Be1 Nd5 34. axb5 axb5 35. Rd1 Be7 36. Ne4 Kf8 37. Nc5 Ke8 38. g4 Ne3 39. Rxd8+ Kxd8 40. Kf2 Nd5 41. Ke2 Nf4+ 42. Kd2 Nxh3 43. Bg3 Bxc5 44. bxc5 Kd7 45. Kc3 Kc6 46. Bd6 Nf2 47. Kb4 Nxg4 48. Bf8 g6 49. fxg6 fxg6 50. Bg7 h5 51. Bf8 h4 0-1

[Event "Berlin Spring op-B"]
[Site "Berlin"]
[Date "2014.05.01"]
[Round "2"]
[White "Steppan, Siegfried"]
[Black "Geiss, Anne"]
[Result "1-0"]
[WhiteElo "1453"]
[BlackElo "900"]
[PlyCount "83"]
[EventDate "2014.05.01"]
[EventType "swiss"]
[EventRounds "7"]
[EventCountry "GER"]
[SourceTitle "CBM 160 Extra"]
[Source "ChessBase"]
[SourceDate "2014.07.01"]
[SourceVersion "1"]
[SourceVersionDate "2014.07.01"]
[SourceQuality "1"]

1. d4 Nf6 2. c4 c5 3. d5 b5 4. Qc2 d6 5. e4 g6 6. cxb5 a6 7. Nc3 Bg7 8. Nf3 0-0 9. Be2 Re8 10. h3 e6 11. Bg5 h6 12. Be3 a5 13. 0-0 exd5 14. exd5 Bb7 15. Bc4 Nbd7 16. Rfe1 Nh7 17. Bf4 Rxe1+ 18. Rxe1 Ndf6 19. Qd2 h5 20. a4 Bc8 21. b3 Bf5 22. Bd3 Bxd3 23. Qxd3 Rb8 24. Nd2 g5 25. Bh2 Qd7 26. Nce4 Nxe4 27. Nxe4 Bd4 28. Nxd6 Rb6 29. Nf5 Rf6 30. Nxd4 cxd4 31. Qxd4 Qf5 32. Qd2 g4 33. hxg4 hxg4 34. Bg3 Ng5 35. Re5 Qb1+ 36. Qe1 Qxe1+ 37. Rxe1 Rg6 38. d6 Ne6 39. d7 Kh7 40. Rxe6 fxe6 41. d8Q Rg8 42. Qh4+ 1-0